United States : Financial Sector Assessment Program-Technical Note-Securities-Fund Management; Equity and Derivatives Trading; and Virtual Assets and Virtual Asset Service Providers.

This technical note considers the regulation and supervision of fund management and equity and derivatives trading in the United States (U.S.). As one of the main destinations for household savings and a key provider of funding to U.S. corporates, investment funds play a major role in the U.S. finan...

Descrizione completa

Dettagli Bibliografici
Ente Autore: International Monetary Fund. Monetary and Capital Markets Department
Natura: Periodico
Lingua:English
Pubblicazione: Washington, D.C. : International Monetary Fund, 2020.
Serie:IMF Staff Country Reports; Country Report ; No. 2020/243
Accesso online:Full text available on IMF
LEADER 01995cas a2200241 a 4500
001 AALejournalIMF021172
008 230101c9999 xx r poo 0 0eng d
020 |c 5.00 USD 
020 |z 9781513552880 
022 |a 1934-7685 
040 |a BD-DhAAL  |c BD-DhAAL 
110 2 |a International Monetary Fund.  |b Monetary and Capital Markets Department. 
245 1 0 |a United States :   |b Financial Sector Assessment Program-Technical Note-Securities-Fund Management; Equity and Derivatives Trading; and Virtual Assets and Virtual Asset Service Providers. 
264 1 |a Washington, D.C. :  |b International Monetary Fund,  |c 2020. 
300 |a 1 online resource (99 pages) 
490 1 |a IMF Staff Country Reports 
500 |a <strong>Off-Campus Access:</strong> No User ID or Password Required 
500 |a <strong>On-Campus Access:</strong> No User ID or Password Required 
506 |a Electronic access restricted to authorized BRAC University faculty, staff and students 
520 3 |a This technical note considers the regulation and supervision of fund management and equity and derivatives trading in the United States (U.S.). As one of the main destinations for household savings and a key provider of funding to U.S. corporates, investment funds play a major role in the U.S. financial system. Distortions to equity trading could cause significant loss of confidence in markets, while international post-crisis reforms for OTC derivatives have underlined the importance of greater transparency and the value of central clearing. U.S. companies have also traditionally raised more finance through equity and other capital markets than through bank lending, and so capital markets are of greater structural significance in the U.S. than in some other jurisdictions. 
538 |a Mode of access: Internet 
830 0 |a IMF Staff Country Reports; Country Report ;  |v No. 2020/243 
856 4 0 |z Full text available on IMF  |u http://elibrary.imf.org/view/journals/002/2020/243/002.2020.issue-243-en.xml  |z IMF e-Library